000 00476 a2200169 4500
001 188621
020 _a978-85-357-0394-8
040 _cMagnum
100 _aHill, Terrence Edward
240 1 0 _aDicionário ilustrado júnior: inglês-português / português-inglês
_lpor
245 1 0 _aDicionário ilustrado júnior: inglês-português / português-inglês
300 _a486
362 0 _a2007
440 1 _aAtual
697 _aLITERATURA INFANTIL INGLESA
942 _cBK
999 _c188621
_d188621